| 000 | 00553nam a2200205Ia 4500 | ||
|---|---|---|---|
| 008 | 170918s9999 xx 000 0 und d | ||
| 020 | _a9780439895040 | ||
| 050 | _bG456 1984 | ||
| 100 | _aGiff, Patricia Reilly | ||
| 245 | _aBeast in Ms. Rooney's room / | ||
| 245 | _cPatricia Reilly Giff ; illustrated by Blanche Sims. | ||
| 260 | _aNew York : | ||
| 260 | _bScholastic, | ||
| 260 | _c1984 | ||
| 300 | _a76 pages : | ||
| 300 | _bcolored illustration ; | ||
| 300 | _c19cm. | ||
| 440 | _aThe kids of the polk street school. | ||
| 500 | _a340 | ||
| 999 |
_c341257 _d341257 |
||